| 000 | 00549nam a2200229Ia 4500 | ||
|---|---|---|---|
| 003 | OSt | ||
| 005 | 20221005132049.0 | ||
| 006 | a|||||r|||| 00| 0 | ||
| 007 | ta | ||
| 008 | 221004b |||||||| |||| 00| 0 mal d | ||
| 024 | _a58904 | ||
| 037 | _cTextual | ||
| 040 |
_aCRL _cCRL _bmal |
||
| 041 |
_2mal _amal |
||
| 082 | _aT:P111:4k, 32J2 | ||
| 245 | 0 |
_aTerms in education _bMalyalam |
|
| 260 | _c1952 | ||
| 300 |
_a86p. _ccm. |
||
| 650 | _aEDUCATION | ||
| 942 |
_hT:P111:4k, 32J2 _cTEXL _2cc |
||
| 999 |
_c1062347 _d1062347 |
||